A-Z Wikipedia Famous People Quiz - Statistics

General Stats
  • This quiz has been taken 95 times
  • The average score is 15 of 26
Answer Stats
# Introduction Language % Correct
E Queen of the United Kingdom and 15 other Commonwealth realms (1926-) Elizabeth II
85%
O Saudi Arabian terrorist and co-founder of al-Qaeda (1957-2011) Osama bin Laden
85%
G 43rd president of the United States (1946-) George W. Bush
82%
D 45th president of the United States (1946-) Donald Trump
81%
C Portuguese professional footballer (1985-) Cristiano Ronaldo
80%
J 46th president of the United States (1942-) Joe Biden
79%
K American rapper, record producer, fashion designer, and politician from Illinois (1977-) Kanye West
79%
B 44th president of the United States (1961-) Barack Obama
77%
I Influential English physicist and mathematician (1642-1726/7) Isaac Newton
71%
Q Queen of the United Kingdom of Great Britain and Ireland (1837-1901) and Empress of India (1876-1901) ~ 1819-1901 Queen Victoria
71%
R Spanish tennis player (1986-) Rafael Nadal
71%
P Member of the British royal family, consort of Queen Elizabeth II (1921-2021) Prince Philip
70%
V President of Russia (1952-) Vladimir Putin
69%
H 16th-century king of England (1491-1547) Henry VIII
68%
M American singer, songwriter, and dancer (1958-2009) Michael Jackson
64%
N Serbian tennis player (1987-) Novak Djoković
62%
T American singer-songwriter (1989-) Taylor Swift
54%
W British statesman (1874-1965) Winston Churchill
49%
L American YouTuber, actor, and boxer (1995-) Logan Paul
47%
X General Secretary of the Chinese “Communist” Party (1953-) Xi Jinping
44%
A American actress (1975-) Angelina Jolie
32%
Y Japanese multimedia artist, singer, songwriter, and peace activist (1933-) Yoko Ono
31%
F American boxer and boxing promoter (1977-) Floyd Mayweather Jr.
30%
S American actress, singer, dancer, and diplomat (1928-2014) Shirley Temple
24%
Z Pseudonym of an unidentified serial killer Zodiac Killer
24%
U 20th century American novelist, writer, journalist, and political activist (1878-1968) Upton Sinclair
5%
No matching quizzes found
Score Distribution
Percent of People with Each Score
Percentile by Number Answered
Your Score History
You have not taken this quiz